Influencia del descubrimiento del nuevo mundo en las ciencias geográficas / (Record no. 82066)

MARC details
000 -LEADER
campo de control de longitud fija 01293nam a2200241 i 4500
001 - NÚMERO DE CONTROL
campo de control 82066
003 - IDENTIFICADOR DE NÚMERO DE CONTROL
campo de control ES-MaACL
005 - FECHA Y HORA DE LA ÚLTIMA TRANSACCIÓN
campo de control 20250930063104.0
007 - CAMPO FIJO DE DESCRIPCIÓN FÍSICA--INFORMACIÓN GENERAL
campo de control de longitud fija t|
008 - DATOS DE LONGITUD FIJA--INFORMACIÓN GENERAL
campo de control de longitud fija 041116s1892 sp ||||1| spa d
100 1# - ENTRADA PRINCIPAL--NOMBRE DE PERSONA
Nombre de persona Ferreiro, Martín,
Fechas asociadas al nombre 1830-1896
9 (RLIN) 50393
245 10 - MENCIÓN DEL TÍTULO
Título Influencia del descubrimiento del nuevo mundo en las ciencias geográficas /
Mención de responsabilidad, etc. conferencia de Martín Ferreiro, pronunciada el día 28 de abril de 1892.
260 ## - PUBLICACIÓN, DISTRIBUCIÓN, ETC.
Lugar de publicación, distribución, etc. Madrid :
Nombre del editor, distribuidor, etc. [s.n.],
Fecha de publicación, distribución, etc. 1892 (
Fabricante Sucesores de Rivadeneyra)
300 ## - DESCRIPCIÓN FÍSICA
Extensión 30 p. ;
Dimensiones 25 cm.
500 ## - NOTA GENERAL
Nota general Forma parte de:"El continente americano : conferencias dadas en el Ateneo Científico, Literario y Artístico de Madrid con motivo del Cuarto Centenario del Descubrimiento de América", Madrid 1894, título que agrupa todas las conferencias del ciclo en tres volúmenes, cada una de ellas con portada y año propios. Esta publicación pertenece al tomo 3º.
500 ## - NOTA GENERAL
Nota general Precede al tít.: Ateneo de Madrid.
610 2# - PUNTO DE ACCESO ADICIONAL DE MATERIA--NOMBRE DE ENTIDAD CORPORATIVA
Nombre de entidad corporativa o nombre de jurisdicción como elemento de entrada Ateneo de Madrid-
Subdivisión de forma Conferencias-
Subdivisión cronológica S.XIX.
9 (RLIN) 1910
610 2# - PUNTO DE ACCESO ADICIONAL DE MATERIA--NOMBRE DE ENTIDAD CORPORATIVA
Nombre de entidad corporativa o nombre de jurisdicción como elemento de entrada Ateneo de Madrid-
Subdivisión de forma Obras digitalizadas.
9 (RLIN) 1930
740 3# - ENTRADA AGREGADA--TÍTULO RELACIONADO/ANALÍTICO NO CONTROLADO
Título relacionado o analítico no controlado El continente americano.
852 ## - LOCALIZACIÓN
Ubicación ES-MaACL
Número de control de estantería R-2605(16)
856 4# - LOCALIZACIÓN Y ACCESO ELECTRÓNICOS
Identificador Uniforme de Recursos <a href="http://www.ateneodemadrid.com/biblioteca_digital/folletos/Folletos-0070.pdf">http://www.ateneodemadrid.com/biblioteca_digital/folletos/Folletos-0070.pdf</a>
Nota pública Ver documento
Holdings
Estatus retirado Estado de pérdida Estado de daño No para préstamo Colección Biblioteca de origen Biblioteca actual Ubicación en estantería Fecha de adquisición Fuente de adquisición Total de préstamos Signatura topográfica completa Código de barras Visto por última vez Precio de reemplazo Tipo de ítem Koha
        Colección digital Biblioteca del Ateneo de Madrid Biblioteca del Ateneo de Madrid Depósito 17/01/2008     R-2605(16) 1085774 23/02/2023 23/02/2023 Libro impreso antiguo